Emptio et venditio ad legem Dei et humanam formata in alma, catholica, ac episcopali Universitate Dilingana auctore ac praeside P. Melchiore Friederich Societatis Jesu SS. canonum professore ordinario ; a reverendis, religiosis, et doctissimis DD. P. Placido Ulrici et P. Romano Sedlmayr Ordinis S. Benedicti in antiquissimo & celeberrimo S. Blasii in Sylva Hercynia Coenobio professis publice propugnata die XXV octobris anno M. DCC.

Detalles Bibliográficos
Autor principal: Friderich, Melchior, S. J.
Otros Autores: Ulricus, Placidus, O. S. B., com, Sedlmayr, Romanus, com, Woligang, Georgand, grab
Formato: Libro
Lenguaje:Latin
Publicado: Dilingae : typis Joannis Caspari Bencard bibliopolae academici, 1700.
Materias:
Colección:Banco de datos
Acervo:Fondo Bibliográfico Antiguo del Archivo Municipal de Orizaba
Descripción Física:[5] h., 479 p., [7] h. : il. ; 4°
Tema general:Teología dogmática
Notas:Portada tipográfica a dos tintas. Texto a renglón seguido con paginación en números arábigos. Incluye frontispicio en grabado calcográfico elaborado por Georgand Woligang. Incluye letras capitulares con motivos florales y viñetas finales en grabado xilográfico. Incluye cabeceras de título en grabado xilográfico. Encuadernación en cartón con lomo en piel. Ex libris manuscrito en la portada: "Ecclesiae Sorethanae vulgò Schulsenzir". Sello en tinta del Archivo Municipal de Orizaba, Veracruz. Daños de humedad y polilla
LEADER 01644nam a22002170004500
035 |a 857 
041 0 |a lat 
100 1 |a Friderich, Melchior, S. J. 
245 1 0 |a Emptio et venditio ad legem Dei et humanam formata in alma, catholica, ac episcopali Universitate Dilingana auctore ac praeside P. Melchiore Friederich Societatis Jesu SS. canonum professore ordinario ; a reverendis, religiosis, et doctissimis DD. P. Placido Ulrici et P. Romano Sedlmayr Ordinis S. Benedicti in antiquissimo & celeberrimo S. Blasii in Sylva Hercynia Coenobio professis publice propugnata die XXV octobris anno M. DCC.  
260 |a Dilingae : typis Joannis Caspari Bencard bibliopolae academici, 1700. 
300 |a [5] h., 479 p., [7] h. : il. ; 4° 
500 |a Portada tipográfica a dos tintas. Texto a renglón seguido con paginación en números arábigos. Incluye frontispicio en grabado calcográfico elaborado por Georgand Woligang. Incluye letras capitulares con motivos florales y viñetas finales en grabado xilográfico. Incluye cabeceras de título en grabado xilográfico. Encuadernación en cartón con lomo en piel. Ex libris manuscrito en la portada: "Ecclesiae Sorethanae vulgò Schulsenzir". Sello en tinta del Archivo Municipal de Orizaba, Veracruz. Daños de humedad y polilla 
504 |a Al final de la obra está el index rerum et verborum 
650 1 0 |a Teología dogmática 
700 1 |a Ulricus, Placidus, O. S. B., com. 
700 1 |a Sedlmayr, Romanus, com. 
700 1 |a Woligang, Georgand, grab.  
949 |a 391 
942 |c ORIZABA 
943 |g Fondo Bibliográfico Antiguo del Archivo Municipal de Orizaba 
999 |c 1102807  |d 1102807